Les MVs les plus vues de Stray Kids (avril 2026) - Statistiques

Statistiques générales
  • Ce quiz a été pris 403 fois
    47 depuis la dernière actualisation
  • Le résultat moyen est 42 sur 92
Statistiques - réponses
Date de sortie Nombre de vues MV % Correct
17 juin 2020 562 M God's Menu
97%
7 octobre 2020 2,9 M God's Menu (Japanese Version)
97%
21 novembre 2018 27 M N/S
97%
19 juillet 2024 202 M Chk Chk Boom
92%
18 mars 2022 339 M Maniac
89%
2 juin 2023 306 M S-Class
89%
21 novembre 2025 101 M Do It
86%
22 août 2025 112 M Ceremony
83%
10 novembre 2023 331 M Lalalala
81%
23 aout 2021 444 M Thunderous
81%
7 octobre 2022 238 M Case 143
75%
7 octobre 2017 127 M Hellevator
75%
19 novembre 2023 136 M Megaverse
75%
14 septembre 2020 402 M Back Door
72%
27 novembre 2025 71 M Divine
69%
24 mars 2019 198 M Miroh
69%
25 juin 2021 38 M Mixtape : Oh
69%
13 décembre 2024 97 M Walkin' On Water
69%
22 mars 2022 151 M Venom
67%
7 aout 2024 81 M Jjam
64%
29 novembre 2021 194 M Christmas Evel
61%
26 mai 2020 20 M Top (Japanese Version)
61%
10 septembre 2021 114 M Cheese
58%
5 septembre 2025 22 M Creed
58%
26 mars 2018 77 M District 9
58%
29 aout 2023 79 M Social Path (feat Lisa)
58%
9 juin 2022 151 M Circus
56%
12 novembre 2024 46 M Giant
56%
6 aout 2018 125 M My Pace
56%
9 juin 2020 8,8 M Top
56%
31 aoüt 2025 19 M Bleep
53%
10 juin 2025 38 M Hollow
53%
9 décembre 2019 53 M Levanter
53%
9 mars 2020 2,5 M Levanter (Japanese Version)
53%
19 juin 2019 76 M Side Effects
53%
2 septembre 2025 11 M 0801
50%
1 aout 2024 43 M Stray Kids
50%
9 aout 2023 37 M Super Bowl
50%
21 juin 2023 90 M Topline (feat Tiger JK)
50%
5 juillet 2020 99 M Easy
44%
27 mars 2022 57 M Freeze
44%
22 octobre 2018 53 M I Am You
44%
10 mai 2024 84 M Lose My Breath (feat Charlie Puth)
44%
28 juillet 2024 42 M Mountains
44%
8 avril 2019 50 M Victory Song
42%
13 novembre 2019 26 M Astronaut
39%
15 avril 2019 22 M Chronosaurus
39%
9 octobre 2019 84 M Double Knot
39%
24 janvier 2020 9,6 M Double Knot (English Version)
39%
17 octobre 2022 22 M Super Board
39%
30 novembre 2021 36 M Winter Falls
39%
20 octobre 2020 65 M All In
36%
15 aout 2018 37 M Voices
36%
11 juin 2023 18 M DLC
33%
20 septembre 2020 32 M Ex
33%
14 juin 2023 19 M FNF
33%
14 novembre 2018 84 M Get Cool
33%
18 juin 2023 38 M Get Lit
33%
9 février 2023 32 M The Sound
33%
3 septembre 2021 21 M The View
33%
11 avril 2019 9,5 M 19
31%
5 décembre 2021 11 M 24 To 25
31%
20 octobre 2022 31 M Chill
31%
22 avril 2018 11 M Mirror
31%
15 janvier 2018 22 M Spread My Wings
31%
31 juillet 2022 20 M Time Out
31%
28 juin 2020 33 M Blueprint
28%
31 mars 2018 17 M Grow Up
28%
26 mars 2022 26 M Lonely St.
28%
19 aout 2018 18 M M.I.A
28%
22 aout 2018 14 M Question
28%
6 octobre 2021 20 M Scars
28%
22 décembre 2019 9,1 M You Can Stay
28%
21 décembre 2022 10 M Fam
25%
8 janvier 2018 18 M Grrr
25%
26 décembre 2019 18 M Mixtape : Gone Days
25%
27 septembre 2020 48 M Any
22%
5 avril 2019 14 M Boxer
22%
11 mai 2020 13 M Slump
22%
28 aout 2018 37 M Awkward Silence
19%
8 décembre 2024 9,9 M Christmas Love
19%
25 octobre 2022 14 M Give Me Your TMI
19%
25 mars 2020 26 M Mixtape : On Track
19%
31 mai 2022 14 M Your Eyes
19%
12 aout 2018 7,6 M Insomnia
17%
30 décembre 2021 10 M #LoveStay
17%
30 octobre 2018 4,5 M My Side
17%
27 avril 2018 6,1 M Rock
17%
1 juillet 2019 14 M TMT
17%
6 novembre 2018 7,1 M Mixtape #3
14%
5 septembre 2018 8,8 M Mixtape #2
11%
19 avril 2019 9,6 M Mixtape #4
11%
Aucun quiz correspondant
Distribution des résultats
% des personnes avec chaque résultat
Percentile par nombre de réponses
Votre historique - résultats
Vous n’avez pas pris ce quiz depuis la dernière actualisation